000
00290nam a2200109Ia 4500
005
20260328104305.0
008
260328s9999||||xx |||||||||||||| ||und||
100
_a
Wright, Frank Lloyd
245
0
_a
Frank Lloyd Wright (1869- 1959) /
_c
Frank Lloyd Wright
650
_a
ARQUITECTOS
942
_c
BK
999
_c
10746
_d
10746